|
|
|
|
| LEADER |
00000nab a2200000 ar4500 |
| 001 |
vtls010264930 |
| 003 |
SK-MaSNL |
| 005 |
20260303223721.0 |
| 008 |
110318c2011 xo |||||||| |000 b|hun |
| 015 |
|
|
|a SNBRB2011/03
|2 snkbucl
|
| 038 |
|
|
|a SNKBUCL
|
| 040 |
|
|
|a DSZK
|b slo
|c DSZK
|e AACR2
|
| 041 |
1 |
|
|a hun
|h gre
|
| 044 |
|
|
|a xo
|c SK
|
| 080 |
|
|
|a 821.14`06-1=511.141
|2 1997
|
| 100 |
1 |
|
|a Markópulosz, Jorgosz,
|d 1951-
|4 aut
|9 1258569
|
| 245 |
1 |
0 |
|a [Versek]
|c Jorgosz Markópulosz ; fordította Polgár Anikó
|
| 300 |
|
|
|b Obr.
|
| 500 |
|
|
|a Blok obsahuje 6 básní
|
| 500 |
|
|
|a Úvodné poznámky Anikó Polgár
|
| 655 |
|
7 |
|a grécka poézia
|2 snkbucl
|9 78543
|
| 700 |
1 |
|
|a Polgár, Anikó,
|d 1975-
|4 trl
|9 101775
|
| 740 |
0 |
2 |
|a Behódolás
|
| 740 |
0 |
2 |
|a Egy májusi vasárnap délután I.
|
| 740 |
0 |
2 |
|a Egy májusi vasárnap délután II.
|
| 740 |
0 |
2 |
|a Dal magányos férfiaknak
|
| 740 |
0 |
2 |
|a Költők
|
| 740 |
0 |
2 |
|a A kezem, a lelkem, hajóroncsok
|
| 773 |
0 |
|
|t Irodalmi szemle
|g Évf. LIV, sz. 2 (2011), o. 41-43
|x 1336-5088
|
| 852 |
|
|
|a SNK
|b KIS3GCP
|
| 852 |
|
|
|a DSZK
|b KIS3GCP
|
| 958 |
|
|
|a HU
|
| 958 |
|
|
|a GR
|
| 958 |
|
|
|a LX
|
| 999 |
|
|
|c 2249079
|d 2251009
|